00599nam a2200121Ia 4500008004100000082002400041100002300065245011200088260004700200365000600247630011200253730011200365100415s9999 xx 000 0 und d b15502a584.9(54558) aArora Sham Sunder aYeild Of Bhabbar and Grasses from the Areas Managed by HRMS and Ballarpur Paper Mill- A Comparative Analyis aNEW DELHIc1993bHARYANA FOREST DEPARTMENT b0 aYeild Of Bhabbar and Grasses from the Areas Managed by HRMS and Ballarpur Paper Mill- A Comparative Analyis aYeild Of Bhabbar and Grasses from the Areas Managed by HRMS and Ballarpur Paper Mill- A Comparative Analyis